Statistics for NHL hockey all time points by first letter of last name.

Click here to take the quiz!

General Stats

  • This quiz has been taken 80 times
  • The average score is 13 of 25

Answer Stats

LetterPointsAnswer% Correct
G2857Wayne Gretzky
97%
J1921Jaromir Jagr
85%
H1850Gordie Howe
82%
L1723Mario Lemieux
82%
M1887Mark Messier
80%
Y1755Steve Yzerman
78%
I1300Jerome Iginla
66%
D1771Marcel Dionne
63%
B1579Ray Bourque
62%
S1641Joe Sakic
60%
E1590Phil Esposito
58%
T1464*Joe Thornton
57%
K1398Jari Kurri
54%
F1798Ron Francis
46%
C1531Paul Coffey
45%
A1338Dave Andreychuk
43%
O1420Adam Oates
34%
Z960Henrik Zetterberg
34%
R1533Mark Recchi
34%
Q685Dan Quinn
31%
P1326Gilbert Perreault
22%
U1229Norm Ullman
20%
N1209Bernie Nicholls
15%
V1062Pat Verbeek
14%
W1064Ray Whitney
12%

Score Distribution

Percentile by Number Answered

Percent of People with Each Score

Your Score History

You have not taken this quiz